01716nam a2200349 i 4500001001000000003000900010005001700019007000300036008004100039040003000080041000800110082003000118100005700148245004300205250002200248264005700270300002600327336002700353337003300380338002800413500007200441590002700513650002700540650003300567910004200600942001400642952014000656952015800796952018800954952020701142999001701349000038863DO-SdBNP20251027121303.0ta130430s1988 dr 000 0 spa d aDO-SdBNPbspacBNPHUerda aspa 4aRD863.44bB171c, 19882221 a Balaguer, Joaquín,d1906-2002eautor4aut.97655614aLos carpinteros /cJoaquín Balaguer. aSeptima edición aSanto Domingo :bEditora Corripio, C. por A.,c1988. a431 paginas ;c24 cm. atextobtxt2rdacontent asin mediaciónbn2rdamedia avolumenbnc2rdacarrier aIncluye referencias bibliográficas y otas al pie de las páginas aInventariado, 2023/DG  4aNovela dominicana9223 4aLiteratura dominicana978377 aDG. Validado. Control de calidad/ MAA 2ddccLBS1 00102ddc51708PDaBNPHUbBNPHUcHDd2023-10-24eDonaciónl0oBNPHU PD RD863.44 B171c 1988p2023-7271r2023-10-24w2023-10-24yLBS1 00102ddc51708PDaBNPHUbBNPHUcHDd2025-05-30eDonado por Laura Pujolsl0oBNPHU PD RD863.44 B171c 1988p2025-4694r2025-05-30te.2w2025-05-30yLBS1 00102ddc56708DSaBNPHUbBNPHUcHDd2025-10-16ePertenció a la biblioteca personal de Isaac Miesesl0oBNPHU DS RD863.44 B171c 1988p2025-11902r2025-10-16te.3w2025-10-16yLBS1 00102ddc56708DSaBNPHUbBNPHUcHDd2025-10-16ePertenció a la biblioteca personal de Febricio Henríquez Gratereauxl0oBNPHU DS RD863.44 B171c 1988p2025-11903r2025-10-16te.4w2025-10-16yLBS1 c55266d55266